01355nam a2200277 a 450000100100000000500170001000800410002702000150006804000250008304100390010808200160014710000280016324000730019124501790026426000530044330000280049649000530052450000210057750400740059853401450067270000520081783000620086904900090093195201200094099900170106000002357920200930022325.0101214s1982 mx a r 001 0 spa d a968160895x aDO-SdBNPbspacBNPHU17aspaheng2Código de idiomas MARC annnnbW157e1 aWald, Robert M.,94860110aSpace, time and gravity. The theory of the big bang and black holes.10aEspacio, tiempo y gravitación :bla teoría del big bang (la gran explosión) y los agujeros negros /cRobert M. Wald ; traducción de Víctor Manuel Suárez Dávila. aMéxico :bFondo de Cultura Económica,c1982. a214 p. :bil. ;c18 cm.1 aBreviarios del Fondo de Cultura Económicav315 aIncluye índice aIncluye referencias bibliográficas y notas al pie de las páginas. pTítulo original en inglés:tSpace, time and gravity. The theory of the big bang and black holes.cChicago : University of Chicago, 1977.1 aSuárez Dávila, Víctor Manuel,etr.948602 0aBreviarios del Fondo de Cultura Económica ;v315925786 aBNGR 001052708MOaGRbGRcCTd2010-12-14iLF1l0onnnn W157ep23579-10r2020-06-25w2020-06-25y2ZPréstamo interno c23075d23075